| 000 | 00472nam a2200169Ia 4500 | ||
|---|---|---|---|
| 003 | IN-BaIIA | ||
| 008 | 211028s9999 xx 000 0 eng d | ||
| 040 | _cIIA Library | ||
| 080 |
_a52 _bGAM |
||
| 100 |
_aGamow, George _91452 |
||
| 245 | 0 |
_aMatter, earth, and sky _cGeorge Gamow |
|
| 260 |
_aLondon _c1959 |
||
| 300 | _axi, 593p. | ||
| 650 |
_aAstronomy _980 |
||
| 650 | _aAstronomy and astrophysics thesaurus | ||
| 942 | _cBK | ||
| 999 |
_c1843 _d1843 |
||